Statistical analysis of financial data with examples in R / (Record no. 52535)

MARC details
000 -LEADER
fixed length control field 00721nam a2200241Ia 4500
005 - DATE AND TIME OF LATEST TRANSACTION
control field 20260429112133.0
008 - FIXED-LENGTH DATA ELEMENTS--GENERAL INFORMATION
fixed length control field 260429s9999||||xx |||||||||||||| ||und||
020 ## - INTERNATIONAL STANDARD BOOK NUMBER
International Standard Book Number 9781032323343
041 ## - LANGUAGE CODE
Language English
082 ## - DEWEY DECIMAL CLASSIFICATION NUMBER
Classification number 332.01519
Item number GEN
100 ## - MAIN ENTRY--PERSONAL NAME
Personal name Gentle, James E.
245 #0 - TITLE STATEMENT
Title Statistical analysis of financial data with examples in R /
Statement of responsibility, etc James E. Gentle
250 ## - EDITION STATEMENT
Edition statement 1st ed.
260 ## - PUBLICATION, DISTRIBUTION, ETC. (IMPRINT)
Place of publication, distribution, etc Boca Raton :
Name of publisher, distributor, etc CRC Press,
Date of publication, distribution, etc 2026.
300 ## - PHYSICAL DESCRIPTION
Extent xix, 645 p.; pbk
440 ## - SERIES STATEMENT/ADDED ENTRY--TITLE
Title Chapman and Hall/CRC texts in statistical science series
650 ## - SUBJECT ADDED ENTRY--TOPICAL TERM
Topical term or geographic name as entry element Statistics
650 ## - SUBJECT ADDED ENTRY--TOPICAL TERM
Topical term or geographic name as entry element Financial data
700 ## - ADDED ENTRY--PERSONAL NAME
Personal name Tanner, Martin
700 ## - ADDED ENTRY--PERSONAL NAME
Personal name Zidek, Jim
700 ## - ADDED ENTRY--PERSONAL NAME
Personal name Blitzein, Joseph K. Faraway, Julian J.
942 ## - ADDED ENTRY ELEMENTS (KOHA)
Koha item type Text Books
Holdings
Withdrawn status Lost status Damaged status Not for loan Collection code Home library Location Shelving location Date of Cataloging Source of acquisition Total Checkouts Full call number Barcode Date last seen Price effective from Koha item type
        Non-fiction CUTN Central Library CUTN Central Library Social Sciences 29/04/2026 TBH Library Book Suppliers, Chennai - Invoice No. SINV00732 on 09-02-2026   332.01519 GEN 57634 29/04/2026 29/04/2026 Text Books